000 00553nam a2200181Ia 4500
008 151202s9999||||xx |||||||||||||| ||und||
082 _bPNVM-36119
100 _aआपटे वा. शि.
245 _aमेझर ऑफ मेझर.
260 _bसरीता प्रकाशन पुणे.
260 _c1986
300 _a69
600 _aआपटे वा. शि.
630 _aमेझर ऑफ मेझर.
700 _aआपटे वा. शि.
730 _aमेझर ऑफ मेझर.
942 _cBOOK
999 _c1302071
_d1302068